| 000 | 00663nam a2200229Ia 4500 | ||
|---|---|---|---|
| 005 | 20140407105520.0 | ||
| 008 | 140130s9999 xx 000 0 und d | ||
| 020 | _a9780439691413 | ||
| 050 |
_aPZ 7 _b.St55768 2005 |
||
| 100 | _aStilton, Geronimo. | ||
| 245 |
_cGeronimo Stilton. _aShipwreck on the Pirate Islands / |
||
| 260 |
_bScholastic Inc., _aUSA : _cc2005. |
||
| 300 |
_a107 p. : _bcol. ill. ; _c23 cm. |
||
| 440 | _v1 | ||
| 521 | _aG3 | ||
| 526 | _c490 | ||
| 650 |
_aMice _xJuvenile fiction. _931458 |
||
| 650 |
_aTreasure troves _xJuvenile fiction. _931459 |
||
| 650 |
_aIslands _xJuvenile fiction. _931460 |
||
| 942 |
_cBK _2lcc |
||
| 999 |
_c42263 _d42263 |
||